<?xml version="1.0" encoding="UTF-8"?>
<record
    xmlns:xsi="http://www.w3.org/2001/XMLSchema-instance"
    xsi:schemaLocation="http://www.loc.gov/MARC21/slim http://www.loc.gov/standards/marcxml/schema/MARC21slim.xsd"
    xmlns="http://www.loc.gov/MARC21/slim">

  <leader>01615nam a22002657a 4500</leader>
  <controlfield tag="008">141009s2009    mx  |||| |||| 000 0 spa d</controlfield>
  <datafield tag="020" ind1=" " ind2=" ">
    <subfield code="a">978-607-442-013-5</subfield>
  </datafield>
  <datafield tag="050" ind1=" " ind2="4">
    <subfield code="a">HA29 E88 2009</subfield>
  </datafield>
  <datafield tag="240" ind1="1" ind2=" ">
    <subfield code="a">Statistics for management</subfield>
    <subfield code="l">Espa&#xF1;ol</subfield>
  </datafield>
  <datafield tag="245" ind1="1" ind2="0">
    <subfield code="a">Estad&#xED;stica para administraci&#xF3;n/</subfield>
    <subfield code="c">Richard I. Levin, David S. Rubin, David M. Levine, Timothy C. Krehbiel, Mark L. Berenson.</subfield>
  </datafield>
  <datafield tag="260" ind1=" " ind2=" ">
    <subfield code="a">M&#xE9;xico: </subfield>
    <subfield code="b">Pearson Educaci&#xF3;n, </subfield>
    <subfield code="c">2009.</subfield>
  </datafield>
  <datafield tag="300" ind1=" " ind2=" ">
    <subfield code="a">xviii, 731 p.: </subfield>
    <subfield code="c">27 cm.</subfield>
  </datafield>
  <datafield tag="500" ind1=" " ind2=" ">
    <subfield code="a">PLAN FLEXIBLE
LIC. PEDAGOG&#xCD;A / ESTAD&#xCD;STICA APLICADA A LA EDUCACI&#xD3;N II M06 (L-2) / (04 004592)</subfield>
  </datafield>
  <datafield tag="500" ind1=" " ind2=" ">
    <subfield code="a">Traducci&#xF3;n de la edici&#xF3;n en ingl&#xE9;s, t&#xED;tulada Statistics for management.</subfield>
  </datafield>
  <datafield tag="505" ind1="2" ind2=" ">
    <subfield code="a">Introducci&#xF3;n y recolecci&#xF3;n de datos; presentaci&#xF3;n de datso en tablas y gr&#xE1;ficas; medidas num&#xE9;ricas descriptivas; probabilidad b&#xE1;sica; algunas importantes distribuciones de probabilidad discreta; la distribuci&#xF3;n normal; muestreo y distribuciones de muestreo; estimaci&#xF3;n; prueba de hip&#xF3;tesis: prueba de una sola muestra - prueba de dos muestras; JI cuadrada y anal&#xED;sis de varianza; regresi&#xF3;n simple y correlaci&#xF3;n; regresi&#xF3;n multiple y modelado; m&#xE9;todos no param&#xE9;tricos; series de tiempo y pron&#xF3;sticos; n&#xFA;meros &#xED;ndice.</subfield>
  </datafield>
  <datafield tag="650" ind1="1" ind2=" ">
    <subfield code="a">CIENCIAS SOCIALES</subfield>
    <subfield code="x">M&#xC9;TODOS ESTAD&#xCD;STICOS</subfield>
  </datafield>
  <datafield tag="650" ind1="2" ind2=" ">
    <subfield code="a">M&#xC9;TODOS ESTAD&#xCD;STICOS</subfield>
    <subfield code="x">ESTAD&#xCD;STICA COMERCIAL</subfield>
  </datafield>
  <datafield tag="650" ind1=" " ind2=" ">
    <subfield code="a">M&#xC9;TODOS ESTAD&#xCD;STICOS</subfield>
    <subfield code="x">GESTI&#xD3;N</subfield>
  </datafield>
  <datafield tag="700" ind1="1" ind2=" ">
    <subfield code="a">Levin, Richard I., </subfield>
    <subfield code="e">aut.</subfield>
  </datafield>
  <datafield tag="700" ind1="1" ind2=" ">
    <subfield code="a">Rubin, David S., </subfield>
    <subfield code="e">aut.</subfield>
  </datafield>
  <datafield tag="700" ind1="1" ind2=" ">
    <subfield code="a">Levine, David M., </subfield>
    <subfield code="e">aut.</subfield>
  </datafield>
  <datafield tag="700" ind1="1" ind2=" ">
    <subfield code="a">Krehbiel, Timothy C., </subfield>
    <subfield code="e">aut.</subfield>
  </datafield>
  <datafield tag="700" ind1="1" ind2=" ">
    <subfield code="a">Berenson, Mark L., </subfield>
    <subfield code="e">aut.</subfield>
  </datafield>
  <datafield tag="942" ind1=" " ind2=" ">
    <subfield code="c">LB</subfield>
  </datafield>
  <datafield tag="952" ind1=" " ind2=" ">
    <subfield code="0">0</subfield>
    <subfield code="1">0</subfield>
    <subfield code="2">lcc</subfield>
    <subfield code="4">0</subfield>
    <subfield code="7">0</subfield>
    <subfield code="a">04</subfield>
    <subfield code="b">04</subfield>
    <subfield code="d">2014-10-09</subfield>
    <subfield code="l">2</subfield>
    <subfield code="o">HA29 E88 2009</subfield>
    <subfield code="p">04 004592</subfield>
    <subfield code="r">2015-12-02</subfield>
    <subfield code="s">2015-12-02</subfield>
    <subfield code="t">1</subfield>
    <subfield code="w">2014-10-09</subfield>
    <subfield code="y">LB</subfield>
  </datafield>
  <datafield tag="999" ind1=" " ind2=" ">
    <subfield code="c">94555</subfield>
    <subfield code="d">94555</subfield>
  </datafield>
</record>
